[Event "HUN-chT2 Toth 1314"]
[Site "Hungary"]
[Date "2013.09.08"]
[Round "1.10"]
[White "Kovacs, Sandor1"]
[Black "Csiki, Levente"]
[Result "0-1"]
[WhiteElo "1639"]
[BlackElo "1850"]
[PlyCount "81"]
[EventDate "2013.09.08"]
[EventType "team-tourn"]
[EventRounds "11"]
[EventCountry "HUN"]
[SourceTitle "EXT 2016"]
[Source "ChessBase"]
[SourceDate "2015.10.08"]
[SourceVersion "1"]
[SourceVersionDate "2015.10.08"]
[SourceQuality "1"]
[WhiteTeam "Csongrad Felegyhaza"]
[BlackTeam "Abony"]
[WhiteTeamCountry "HUN"]
[BlackTeamCountry "HUN"]

1. e4 e5 2. Nf3 Nc6 3. Bc4 Bc5 4. 0-0 d6 5. d3 h6 6. Nc3 Bg4 7. Be3 Bb6 8. h3 Bh5 9. g4 Bg6 10. a3 Nf6 11. Bxb6 axb6 12. d4 exd4 13. Nxd4 0-0 14. Nxc6 bxc6 15. Bd3 Re8 16. f3 d5 17. exd5 cxd5 18. Bxg6 fxg6 19. Qd3 Kh7 20. Ne2 Qd6 21. Rae1 c5 22. c4 d4 23. Kg2 Re3 24. Qd2 Rae8 25. Ng1 Qf4 26. Ne2 Qe5 27. Rf2 d3 28. Kf1 dxe2+ 29. Rfxe2 Rxe2 30. Rxe2 Qxe2+ 31. Qxe2 Rxe2 32. Kxe2 Kg8 33. b4 Nd7 34. f4 Kf7 35. Ke3 Ke6 36. Ke4 Nf6+ 37. Ke3 Kd6 38. g5 hxg5 39. fxg5 Nd7 40. Kf3 Ne5+ 41. Ke3 0-1

[Event "HUN-chT2 Toth 1213"]
[Site "Hungary"]
[Date "2013.04.07"]
[Round "10.9"]
[White "Csiki, Levente"]
[Black "Lovas, Daniel"]
[Result "0-1"]
[WhiteElo "1904"]
[BlackElo "2134"]
[PlyCount "98"]
[EventDate "2012.09.16"]
[EventType "team-tourn"]
[EventRounds "11"]
[EventCountry "HUN"]
[SourceTitle "EXT 2014"]
[Source "ChessBase"]
[SourceDate "2013.11.20"]
[SourceVersion "1"]
[SourceVersionDate "2013.11.20"]
[SourceQuality "1"]
[WhiteTeam "Abony"]
[BlackTeam "Toth Laszlo II"]
[WhiteTeamCountry "HUN"]
[BlackTeamCountry "HUN"]

1. e4 g6 2. Nf3 Bg7 3. d4 d6 4. Be3 Nf6 5. Bd3 Ng4 6. 0-0 Nxe3 7. fxe3 0-0 8. Nbd2 c6 9. c3 a6 10. Qb3 b5 11. a4 Nd7 12. Ng5 Nf6 13. axb5 cxb5 14. Rae1 e5 15. Qc2 Ra7 16. Ngf3 Qe7 17. h3 Rc7 18. Qb3 Bb7 19. Qb4 Nh5 20. Nh2 Nf6 21. Nhf3 Ne8 22. Nh2 Bc8 23. Qb3 Bh6 24. Nhf3 Ng7 25. Kh2 Ne8 26. c4 Rb7 27. cxb5 axb5 28. Rf2 Nc7 29. Qb4 Bg7 30. Nc4 bxc4 31. Qxc4 Bd7 32. d5 Rfb8 33. Qc1 Be8 34. Rc2 Na8 35. Ba6 Rc7 36. Ree2 Bb5 37. Bxb5 Rxb5 38. Rc6 Rc5 39. Qa1 R7xc6 40. dxc6 Nb6 41. Qa6 Rxc6 42. b4 Qc7 43. b5 Rc4 44. Rf2 Ra4 45. Rc2 Qxc2 46. Qxb6 Ra2 47. Qd8+ Bf8 48. Nh4 Qxe4 49. b6 Rb2 0-1

[Event "HUN-chT2 Toth 1112"]
[Site "Hungary"]
[Date "2011.11.13"]
[Round "3.8"]
[White "Szili, Istvan"]
[Black "Csiki, Levente"]
[Result "1/2-1/2"]
[WhiteElo "1984"]
[BlackElo "1863"]
[PlyCount "109"]
[EventDate "2011.09.25"]
[EventType "team-tourn"]
[EventRounds "11"]
[EventCountry "HUN"]
[SourceTitle "EXT 2013"]
[Source "ChessBase"]
[SourceDate "2012.11.22"]
[SourceVersion "1"]
[SourceVersionDate "2012.11.22"]
[SourceQuality "1"]
[WhiteTeam "Takisz"]
[BlackTeam "Keviterv"]
[WhiteTeamCountry "HUN"]
[BlackTeamCountry "HUN"]

1. e4 e5 2. Nf3 Nc6 3. Bc4 Bc5 4. c3 Nf6 5. d3 0-0 6. 0-0 h6 7. h3 d6 8. b4 Bb6 9. Bb3 Be6 10. Nbd2 Bxb3 11. Qxb3 Re8 12. Nc4 d5 13. Nxb6 axb6 14. exd5 Nxd5 15. Re1 b5 16. Be3 e4 17. dxe4 Rxe4 18. Rad1 Rc4 19. Rd3 Nce7 20. Bc5 Ng6 21. g3 Qf6 22. Nd2 Nb6 23. Rde3 Rxc5 24. bxc5 Na4 25. Rf3 Nxc5 26. Qd5 Qc6 27. Qxf7+ Kh7 28. Qf5 Rf8 29. Qg4 Rd8 30. Re2 Rd5 31. Rf5 Rd6 32. h4 Nd7 33. Qe4 Rxd2 34. Qxc6 Rd1+ 35. Kg2 bxc6 36. h5 Ngf8 37. Re7 Rd5 38. Rff7 Rd6 39. Rxg7+ Kh8 40. Rgf7 c5 41. Kf1 b4 42. cxb4 cxb4 43. g4 c5 44. f4 c4 45. g5 hxg5 46. fxg5 c3 47. Rf2 Rc6 48. g6 c2 49. g7+ Kg8 50. gxf8Q+ Nxf8 51. Rg2+ Kh8 52. Rxc2 Rxc2 53. Re2 Rc5 54. Rb2 Rb5 55. Ke2 1/2-1/2

[Event "HUN-chT2 0102"]
[Site "Hungary"]
[Date "2002.01.13"]
[Round "5"]
[White "Csiki, Levente"]
[Black "Kalyinka, Roland"]
[Result "1/2-1/2"]
[WhiteElo "1979"]
[BlackElo "1895"]
[PlyCount "148"]
[EventDate "2001.??.??"]
[EventType "team-tourn"]
[EventRounds "11"]
[EventCountry "HUN"]
[SourceTitle "EXT 2004"]
[Source "ChessBase"]
[SourceDate "2003.11.25"]
[SourceVersion "1"]
[SourceVersionDate "2003.11.25"]
[SourceQuality "1"]

1. e4 e5 2. Nf3 Nc6 3. Bc4 Nf6 4. d3 d5 5. exd5 Nxd5 6. Ng5 f6 7. Qf3 Nd4 8. Qxd5 Qxd5 9. Bxd5 Nxc2+ 10. Kd2 Nxa1 11. Nf3 c6 12. Bb3 Nxb3+ 13. axb3 Be6 14. Kc2 Bd5 15. Nbd2 Bb4 16. Nc4 Bxf3 17. gxf3 b5 18. Ne3 Bc5 19. Bd2 Bxe3 20. fxe3 Kf7 21. b4 g5 22. e4 h5 23. h3 Rhc8 24. Be3 a5 25. bxa5 Rxa5 26. Bc5 Rca8 27. h4 Ra1 28. Rh2 Kg6 29. hxg5 fxg5 30. Bd6 Re8 31. Kc3 Rf1 32. Rh3 g4 33. fxg4 hxg4 34. Rh4 Kg5 35. Rh7 g3 36. Rg7+ Kh4 37. Rh7+ Kg4 38. Rg7+ Kf3 39. Kd2 Rf2+ 40. Kc3 Rh2 41. Bc5 Rh4 42. Rf7+ Rf4 43. Rg7 Re6 44. Kd2 Ref6 45. b3 Rg4 46. Ra7 g2 47. Ra1 Kg3 48. Ke2 Rf1 49. Rxf1 gxf1Q+ 50. Kxf1 Kf3 51. Ke1 Rg2 52. b4 Rc2 53. Bb6 Rb2 54. Bc5 Kf4 55. Kd1 Kg5 56. Kc1 Rg2 57. Bd6 Kf4 58. Bc5 Kf3 59. Kd1 Re2 60. Bb6 Re3 61. Kd2 Re2+ 62. Kd1 Rb2 63. Bc5 Ra2 64. Bb6 Ra4 65. Bc5 Ra6 66. Ke1 Ra1+ 67. Kd2 Ra2+ 68. Kd1 Kg2 69. Bd6 Kf3 70. Bc5 Ra4 71. Ke1 Rxb4 72. Bxb4 Ke3 73. Bc3 Kxd3 74. Bxe5 Kxe4 1/2-1/2